From control to design : (Registro nro. 62617)

Detalles MARC
000 -LEADER
campo de control de longitud fija 02954cam a2200385Ia 4500
003 - IDENTIFICADOR DE NÚMERO DE CONTROL
campo de control PE-LiUPU
005 - FECHA Y HORA DE LA ÚLTIMA TRANSACCIÓN
campo de control 20250731183448.0
008 - DATOS DE LONGITUD FIJA--INFORMACIÓN GENERAL
campo de control de longitud fija 081020s2008 sp a 000 0 eng d
020 ## - NÚMERO INTERNACIONAL ESTÁNDAR DEL LIBRO
Número Internacional Estándar del Libro 9788496540798
035 ## - NÚMERO DE CONTROL DEL SISTEMA
Número de control de sistema (OCoLC)269441592
040 ## - FUENTE DE CATALOGACIÓN
Centro catalogador/agencia de origen FLL
Centro/agencia transcriptor PE-LiUPU
Centro/agencia modificador PE-LiUPU
Lengua de catalogación spa
Normas de descripción rda
049 ## - FONDOS LOCALES (OCLC)
Biblioteca depositaria EXNa
050 #4 - SIGNATURA TOPOGRÁFICA DE LA BIBLIOTECA DEL CONGRESO
Número de clasificación NA2728
Número de ítem .F665 2008
082 14 - NÚMERO DE LA CLASIFICACIÓN DECIMAL DEWEY
Número de clasificación 720
Número de edición 23
Cutter F931
245 00 - MENCIÓN DEL TÍTULO
Título From control to design :
Resto del título parametric/algorithmic architecture /
Mención de responsabilidad, etc. [editado por Tomoko Sakamoto, Albert Ferré]
260 ## - PUBLICACIÓN, DISTRIBUCIÓN, ETC.
Lugar de publicación, distribución, etc. Barcelona ;
-- New York :
264 ## - PRODUCCIÓN, PUBLICACIÓN, DISTRIBUCIÓN, FABRICACIÓN Y COPYRIGHT
Producción, publicación, distribución, fabricación y copyright Barcelona ;
Nombre del de productor, editor, distribuidor, fabricante Actar-D,
Fecha de producción, publicación, distribución, fabricación o copyright [2008?]
300 ## - DESCRIPCIÓN FÍSICA
Extensión 239 páginas :
Otras características físicas ilustrado (principalmente a color) ;
Dimensiones 25 centímetros.
500 ## - NOTA GENERAL
Nota general EDRA.
500 ## - NOTA GENERAL
Nota general Título de la cubierta.
500 ## - NOTA GENERAL
Nota general Declaración de responsabilidad del colofón.
505 ## - NOTA DE CONTENIDO CON FORMATO
Nota de contenido con formato Michael Meredith -- Essay: Never enough (transform, repeat ad nausea) -- Puppet Theater -- PSI Competition -- Ballroom Drive-In -- AGU, ARUP Manifesto: Advanced Geometry Unit at Arup -- Geometric Algorithm / Serpentine Gallery Pavilion 2002 -- Reciprocity, Hierarchy and Discreteness Serpentine Gallery Pavilion 2005 -- Alishan Tourist Routes -- Taichung Metropolitan Opera House -- Spacestacion Diary, Blind Light -- Mutsuro Sasaki Morphogenesis of Flux Structure -- 0.0 Preface: Sendai Mediatheque project -- 1.0 Sensitivity Analysis method -- 1.1 Kitagata Community Centre -- 1.2 The lsland City Central Park Gringrin, Fukuoka -- 1.3 Extended Evolutionary Structure Optimization method Kakamigahara Crematorium with Toyo Ito -- 2.1 Florence New Station competition proposal -- 2.2 Qatar Education City, Convention Centre -- p.art at Adams Kara Taylor -- Open systems Approaching Novel Parametric Domains -- BP Sunbury -- Branchirng system -- Open System: branching structures -- Barnsley Market Roof -- SIMPLEXITY -- The REN Building for Shanghai World Expo 2010 -- Digital Efficiency vs Physical Necessity: -- Workshops at Bauhaus and ITU (AA) -- Essay: Analysis Modelling- Investigating the Digital Material -- designtoproduction -- The Whole and its Parts -- Zentrum Paul Klee in Bern -- Peek&Cloppenburg Weltstadthaus -- Mercedes Benz Museum -- Groningen Stadsbalkon -- Swissbau Pavilion -- Inventioneering Architecture, Travelling Exhibtion -- Hungerburg Funicular -- Libeskind's Futuropolis -- ZipShape -- Aranda/Lasch -- What is parametric to us? Out of Order -- The Year 1774 Color Shift -- A conversation between Sanford Kwinter and Jason Payne.
526 ## - NOTA DE INFORMACIÓN SOBRE EL PROGRAMA DE ESTUDIO
Nombre del programa Maestría Bim Facility Management (A distancia)
526 ## - NOTA DE INFORMACIÓN SOBRE EL PROGRAMA DE ESTUDIO
Nombre del programa
526 ## - NOTA DE INFORMACIÓN SOBRE EL PROGRAMA DE ESTUDIO
Nombre del programa Educación musical y artes
526 ## - NOTA DE INFORMACIÓN SOBRE EL PROGRAMA DE ESTUDIO
Nombre del programa Educación, especialidad educación física
526 ## - NOTA DE INFORMACIÓN SOBRE EL PROGRAMA DE ESTUDIO
Nombre del programa Arquitectura
650 14 - PUNTO DE ACCESO ADICIONAL DE MATERIA--TÉRMINO DE MATERIA
Término de materia o nombre geográfico como elemento de entrada Diseño arquitectónico
Subdivisión general Innovaciones tecnológicas.
9 (RLIN) 4380
650 24 - PUNTO DE ACCESO ADICIONAL DE MATERIA--TÉRMINO DE MATERIA
Término de materia o nombre geográfico como elemento de entrada Diseño asistido por computadora
9 (RLIN) 111
650 24 - PUNTO DE ACCESO ADICIONAL DE MATERIA--TÉRMINO DE MATERIA
Término de materia o nombre geográfico como elemento de entrada Arquitectura moderna
Subdivisión cronológica Siglo XXI.
9 (RLIN) 548
700 1# - ENTRADA AGREGADA--NOMBRE PERSONAL
Nombre de persona Sakamoto, Tomoko.
700 1# - ENTRADA AGREGADA--NOMBRE PERSONAL
Nombre de persona Ferré, Albert.
942 ## - ELEMENTOS DE ENTRADA SECUNDARIOS (KOHA)
Fuente del sistema de clasificación o colocación Clasificación Decimal Dewey
Tipo de ítem Koha Libros físicos
Suprimir en OPAC No
980 ## - EQUIVALENCIA O REFERENCIA-CRUZADA-MENCIÓN DE SERIE--NOMBRE DE PERSONA/TÍTULO [LOCAL, CANADÁ]
ID del usuario creador del registro 18226
Nombre del creador del registro Jaime Vilcazán Jefe de Análisis Documental
ID del último usuario que modificó el registro 1
Nombre del último usuario que modificó el registro ALBERTO SANCHEZ Responsable de Automatización
Existencias
Visto por última vez Total de préstamos Signatura topográfica completa Código de barras Copia número Coste, precio de reemplazo Fecha de reemplazo Facultad Tipo de ítem Koha Estado de pérdida Fuente del sistema de clasificación o colocación Restricciones de uso No para préstamo Colección Programa académico Biblioteca de origen Biblioteca actual Ubicación en estantería Fecha de adquisición Fuente de adquisición Coste, precio normal de compra
2025-12-03   720 F931 82258 e1 20.72 2024-09-10 FIA Libros físicos No Perdido Clasificación Decimal Dewey No restringido Disponible para préstamos Colección General Arquitectura Biblioteca CRAI UPeU Lima Biblioteca CRAI UPeU Lima Sala principal 2024-09-09 Compra, Arcadia 15.72